| 000 | 00454nam a22001937a 4500 | ||
|---|---|---|---|
| 003 | MPLRDC | ||
| 005 | 20220104143626.0 | ||
| 008 | 210129b ||||| |||| 00| 0 eng d | ||
| 020 | _a7-80061-710-6 | ||
| 082 | _a544.76 YR | ||
| 100 | _a余任 编 | ||
| 245 |
_a大扫黄 _c |
||
| 250 | _a一版一刷 | ||
| 260 |
_a _b团结 _c1993 |
||
| 300 | _b平 | ||
| 490 | _a共和国风云实录丛书 | ||
| 650 | _a娼妓; 卖淫 | ||
| 942 |
_cBK _o544.76 YR |
||
| 999 |
_c41744 _d41734 |
||